Normal view
MARC view
- Books
Entry Topical Term
001 - CONTROL NUMBER
- control field: 39897
003 - CONTROL NUMBER IDENTIFIER
- control field: OSt
005 - DATE AND TIME OF LATEST TRANSACTION
- control field: 20190924092415.0
008 - FIXED-LENGTH DATA ELEMENTS
- fixed length control field: 190924|| aca||aabn | a|a d
040 ## - CATALOGING SOURCE
- Original cataloging agency: OSt
- Transcribing agency: OSt
150 ## - HEADING--TOPICAL TERM
- Topical term or geographic name entry element: Books
- General subdivision: Author.
670 ## - SOURCE DATA FOUND
- Source citation: Work cat.: (OSt)14216: 39375 Begley, Sarah., We should curb our obsession with honor/, c2016.
